000 00688nam a22002297a 4500
003 OSt
005 20220107122732.0
008 140401b xxu||||| |||| 00| 0 eng d
020 _a9787350230350
040 _cIIITM-K
082 _a005.133C# STE/H
100 _aStellman, Andrew
_93354
245 _aHead first C#:
_bA learner's guide to real world programming with visual C# and .NET
_cby Andrew Stellman; Jennifer Greene
250 _a2nd ed.
260 _aMumbai,
_bO'Reilly,
_c2010.
300 _axl, 797p.
650 _aCOMPUTER SCIENCE
_93355
650 _aPROGRAMMING LANGUAGES
_93356
650 _aC# PROGRAMMING
_93357
700 _aGreene, Jennifer
_93358
942 _2ddc
_cBK
999 _c3634
_d3634